Home truths : (Record no. 4280)

MARC details
000 -LEADER
fixed length control field 00496nam a2200157 4500
008 - FIXED-LENGTH DATA ELEMENTS--GENERAL INFORMATION
fixed length control field 231203b |||||||| |||| 00| 0 eng d
082 ## - DEWEY DECIMAL CLASSIFICATION NUMBER
Classification number 305.48
Item number MUS
942 ## - ADDED ENTRY ELEMENTS (KOHA)
Item Type Reports
110 ## - MAIN ENTRY--CORPORATE NAME
Corporate Name Musawah
245 ## - TITLE STATEMENT
Title Home truths :
Sub Title a global report on equality in the Muslim family
260 ## - PUBLICATION, DISTRIBUTION, ETC. (IMPRINT)
Place of Publication Selangor:
Name of Publisher Sisters in Islam,
Date of Copyright 2009
300 ## - PHYSICAL DESCRIPTION
Extent 62 p. : maps ; 25 cm
650 ## - SUBJECT ADDED ENTRY--TOPICAL TERM
Topical Term Domestic relations- (Islamic law)
650 ## - SUBJECT ADDED ENTRY--TOPICAL TERM
Topical Term Equality- Religious aspects- Islam
650 ## - SUBJECT ADDED ENTRY--TOPICAL TERM
Topical Term Muslim women- Social conditions
Holdings
Withdrawn status Lost status Source of classification or shelving scheme Damaged status Not for loan Permanent location Current location Date acquired Total Checkouts Full call number Barcode Date last seen Price effective from Koha item type
    Dewey Decimal Classification     Resource center, Muslim Women's Research And Action Forum Resource center, Muslim Women's Research And Action Forum 2023-12-03   305.48 MUS RAF3291 2023-12-03 2023-12-03 Reports
    Dewey Decimal Classification     Resource center, Muslim Women's Research And Action Forum Resource center, Muslim Women's Research And Action Forum 2023-12-13   305.48 MUS RAF4539 2023-12-13 2023-12-13 Reports

Copyright © 2023 Muslim Women's Research and Action Forum (MWRAF), No 27/3, Anderson Road, Kalubowila, Dehiwela. Funded by The Asia Fundation